| 000 | 00603nam a22002052i 4500 | ||
|---|---|---|---|
| 001 | 21317 | ||
| 003 | BD-RjUL | ||
| 005 | 20211209000654.0 | ||
| 008 | 140304r19691946enk 000 1 eng d | ||
| 035 |
_a(BD-RjUL)21381 _aOCLC ocm06848414 from D960621M |
||
| 040 |
_aKSU _cKSU _dEQO _dBD-RjUL _beng |
||
| 041 | _aeng | ||
| 082 | 0 | 0 |
_222 _a813.0108 _bOHP 1969 |
| 100 | 1 |
_aO'Hara, John, _d1905-1970. _956511 |
|
| 245 | 1 | 0 |
_aPipe night / _cJohn O'Hara |
| 260 |
_aLondon : _bFaber & Faber, _c1946 [Reprinted 1969]. |
||
| 300 |
_a194 p. ; _c19 cm |
||
| 650 | 0 |
_ashort stories, _z American. _965910 |
|
| 942 |
_2ddc _cBK |
||
| 999 |
_c21317 _d21317 |
||